Kilencven éve született Sipka Sándor
Elmentve itt :
| Dokumentumtípus: | Cikk |
|---|---|
| Megjelent: |
2001-01-01
|
| Sorozat: | Hómezővásárhelyi Szeremlei Társaság Évkönyve
|
| Kulcsszavak: | Sipka Sándor |
| Online Access: | http://univ.bibl.u-szeged.hu/34990 |
| LEADER | 00475nab a2200157 i 4500 | ||
|---|---|---|---|
| 001 | univ34990 | ||
| 005 | 20171214104705.0 | ||
| 008 | 171214s2001 hu o 0|| zxx d | ||
| 040 | |a SZTE UnivHistória Repozitórium |b hun | ||
| 041 | |a zxx | ||
| 245 | 0 | 0 | |a Kilencven éve született Sipka Sándor |h [elektronikus dokumentum] |
| 260 | |c 2001-01-01 | ||
| 300 | |a 150-160 | ||
| 490 | 0 | |a Hómezővásárhelyi Szeremlei Társaság Évkönyve | |
| 561 | |a Egyetemi hirarchívum | ||
| 695 | |a Sipka Sándor | ||